000 00474nam a2200205Ia 4500
008 101110s9999 xx 000 0 und d
041 _aMARATHI
082 _bJR4009
_a891.4611009
100 _aDhond M.V.
245 _aAisa Vitevar Dev Kothe!
260 _c2001
365 _b70
520 _aMarathi
546 _aMARATHI
630 _aAisa Vitevar Dev Kothe!
650 _aMarathi
655 _aMarathi
730 _aAisa Vitevar Dev Kothe!
942 _cBOOK
999 _c795034
_d795031